000 00850 a2200253 4500
001 39869
005 20260407155654.0
008 260407a2009 arg spa d
003 AR-UNSa-BCEJYS
040 _aAR-UNSa-BCEJYS
_bspa
_cAR-UNSa-BCEJYS
080 _a336.226.3
_xImpuestos por el uso de los ingresos. Impuestos al consumo. IVA
245 1 0 _aImpuesto al valor agregado
_pversión 3.4
020 _a978-987-01-0894-8
264 1 _aBuenos Aires :
_bErrepar
_c2009
300 _a188 p.
_c27 cm.
041 _aspa
942 _cBK
590 _aniveau_biblio:m niveau_hierar:0
100 1 _aParada, Ricardo Antonio
700 1 _aArgentina [Leyes, etc.]
700 1 _aErrecaborde, José Daniel
700 1 _aCañada, Francisco Roberto
856 4 1 _uhttps://biblioeco.unsa.edu.ar/pmb/images/libros/L117445.jpg
_yImagen de portada
_qimage/jpeg
999 _c3116
_d3116